00731nam a22002177a 450000500170000001000140001702000110003103500130004203700130005508200080006810000270007624500580010326000430016127000610020430000280026550000190029365000290031294200220034199900170036395201330038020100810112328.0 aENG-99257 c198.00 aEN-82789 bDBAD/PUB a302 aVipan, B. Kumar910114 aA text book of social psychology /cby Vipan B. Kumar aMumbaibHimalaya Publising Housec2008 a"Ramdoot'', Dr. Bhalergo Marg, Girgaon,bMumbaie400 004 a446p.:c24cm (pbk)bill aIncludes index aSocial psychology910115 2ddccENh302mVIP c40656d40656 001040718NFICaDBADbDBADd2010-08-10eDBAD/PUBg198.00l0o302 VIPpEN-82789r2010-08-10 00:00:00t1v198.00w2010-08-10yEN